000
00314nam a22001337a 4500
008
180127b xxu||||| |||| 00| 0 eng d
020
_a
9780323007566
041
_a
eng
080
_a
610
100
_a
4
101
_a
SHM
245
_a
Minor Emergencies: Splinters to Fractures
_c
Buttaravoli, P
942
_2
udc
_c
BK
999
_c
41091
_d
41091